| 000 | 00470nam a22001577a 4500 | ||
|---|---|---|---|
| 005 | 20250729124004.0 | ||
| 008 | 250729b |||||||| |||| 00| 0 eng d | ||
| 020 |
_a9780195163360 _qPBK |
||
| 041 | _aENG | ||
| 082 |
_a508.074 _bASM |
||
| 100 | _a Stephen T. Asma | ||
| 245 |
_aStuffed Animals And Pickled Heads _b: culture and evolution of natural history museums _cAsma Stephen T. |
||
| 260 | _bOxford University Press | ||
| 700 | _a Stephen T. Asma | ||
| 942 | _cREF | ||
| 999 |
_c577904 _d577904 |
||